Agriculture and Rural Development Road Toward Agriculture And Rural Development Enhancement (Record no. 19712)
[ view plain ]
| 000 -LEADER | |
|---|---|
| fixed length control field | 00300nam a22001097a 4500 |
| 040 ## - CATALOGING SOURCE | |
| Transcribing agency | RUA |
| 082 ## - DEWEY DECIMAL CLASSIFICATION NUMBER | |
| Classification number | 636 NGO 2015 C138 Or. |
| 100 ## - MAIN ENTRY--AUTHOR NAME | |
| Personal name | NGO BUNTHAN |
| 245 ## - TITLE STATEMENT | |
| Title | Agriculture and Rural Development Road Toward Agriculture And Rural Development Enhancement |
| 260 ## - PUBLICATION, DISTRIBUTION, ETC. (IMPRINT) | |
| Place of publication | RUA |
| Name of publisher | NGO |
| Year of publication | 2015 |
| 942 ## - ADDED ENTRY ELEMENTS (KOHA) | |
| Koha item type | សៀវភៅភាសាខ្មែរ |
| 952 ## - LOCATION AND ITEM INFORMATION (KOHA) | |
| Withdrawn status [LOCAL, KOHA] | 0 |
| Source of acquisition | Permanent Location | Date acquired | Koha item type | Lost status | Shelving location | Current Location | Full call number |
|---|---|---|---|---|---|---|---|
| A063395 | Library Block C | 2021-03-19 | សៀវភៅភាសាខ្មែរ | C138 | Library Block C | 636 NGO 2015 C138 Or. |